000 00451nam a2200169Ia 4500
008 121123t1960 xxu||||| |||| 00| 0 sin d
041 _asin
080 _a8S1-14/15
_bMAI
100 _aMaiththri Himi Veedahama
245 _aලෝවැඩ සඟරාව
246 _aLoveda Sangarava
260 _bM.D.Gunasena Samagama
_aColombo 11
_c1960
300 _b48p., 21 cm
942 _cBK
999 _c76438
_d76438
003 LK-CoDNM
040 _aLK-CoDNM
_dLK-CoDNM
_eLK-CoDNM